Rozhodovanie a kontrola - dôležité prvky v procese manažmentu zdravotníckeho zariadenia
Význam rozhodovania a rozhodovacieho procesu. Podstata, funkcia a účinnosť kontroly v riadiacom procese. Diagnostika kvality a efektívnosti činnosti zdravotníckeho zariadenia.
Salvato in:
| Autore principale: | |
|---|---|
| Natura: | Capitolo di libro |
| Lingua: | slovacco |
| Soggetti: | |
| Tags: |
Nessun Tag, puoi essere il primo ad aggiungerne!!
|
MARC
| LEADER | 00000naa$a2200000$$$4500 | ||
|---|---|---|---|
| 001 | 0051835 | ||
| 005 | 20240502071614.5 | ||
| 041 | 0 | |a slo | |
| 044 | |a SK | ||
| 245 | 1 | 0 | |a Rozhodovanie a kontrola - dôležité prvky v procese manažmentu zdravotníckeho zariadenia |c Viera Vojteková |
| 520 | |a Význam rozhodovania a rozhodovacieho procesu. Podstata, funkcia a účinnosť kontroly v riadiacom procese. Diagnostika kvality a efektívnosti činnosti zdravotníckeho zariadenia. | ||
| 610 | 2 | 0 | |a manažment |
| 610 | 2 | 0 | |a riadenie podnikové |
| 610 | 2 | 0 | |a rozhodovanie |
| 610 | 2 | 0 | |a kontrola |
| 610 | 2 | 0 | |a procesy rozhodovacie |
| 610 | 2 | 0 | |a efektívnosť |
| 610 | 2 | 0 | |a kvalita |
| 610 | 2 | 0 | |a služby |
| 610 | 2 | 0 | |a zariadenia zdravotnícke |
| 100 | 1 | |a Vojteková, Viera | |